000 00489nas a22001937a 4500
999 _c11818
_d11818
003 OSt
005 20230131101315.0
008 230131b ||||| |||| 00| 0 eng d
024 _a0017-8012
040 _cNA
082 _a658
_bHAR
245 _aHarvard Business Review
_cHarvard Business School
260 _aUnited States
_b Harvard University
310 _aMonthly
650 _aManagement
710 _aAdi Ignatius
856 _uhttps://hbr.org/magazine#
942 _2ddc
_cPED
_s1